[Event "CZE-ch"]
[Site "Usti nad Labem"]
[Date "2022.05.17"]
[Round "4"]
[White "Rasik, Vitezslav"]
[Black "Bouska, Jiri"]
[Result "1-0"]
[WhiteElo "2433"]
[BlackElo "2117"]
[PlyCount "69"]
[EventDate "2022.05.14"]
[EventType "swiss"]
[EventRounds "9"]
[EventCountry "CZE"]
[SourceTitle "CBM 208 Extra"]
[Source "ChessBase"]
[SourceDate "2022.07.31"]
[SourceVersion "1"]
[SourceVersionDate "2022.07.31"]
[SourceQuality "1"]

1. e4 c5 2. Nf3 g6 3. d4 cxd4 4. Qxd4 Nf6 5. Nc3 Nc6 6. Qa4 d6 7. e5 dxe5 8. Nxe5 Bd7 9. Nxd7 Qxd7 10. Be3 Bg7 11. Rd1 Qc8 12. Be2 0-0 13. 0-0 a6 14. Qb3 Qc7 15. Bb6 Qf4 16. g3 Qf5 17. Nd5 Nxd5 18. Rxd5 Qe6 19. Bf3 Ne5 20. Be2 Rac8 21. Rfd1 Rc6 22. Be3 Ng4 23. Bxg4 Qxg4 24. Qxb7 Rxc2 25. Qxe7 Rxb2 26. Rd8 Rb8 27. R1d4 Qf5 28. Qxf8+ Bxf8 29. Rxb8 Kg7 30. Rb7 Qa5 31. Rdd7 Qxa2 32. Bd4+ Kh6 33. Rxf7 Qa5 34. Be3+ g5 35. Rf6+ 1-0

[Event "CZE-ch"]
[Site "Usti nad Labem"]
[Date "2022.05.16"]
[Round "3"]
[White "Hrbek, Stepan"]
[Black "Bouska, Jiri"]
[Result "1/2-1/2"]
[WhiteElo "2303"]
[BlackElo "2117"]
[PlyCount "79"]
[EventDate "2022.05.14"]
[EventType "swiss"]
[EventRounds "9"]
[EventCountry "CZE"]
[SourceTitle "CBM 208 Extra"]
[Source "ChessBase"]
[SourceDate "2022.07.31"]
[SourceVersion "1"]
[SourceVersionDate "2022.07.31"]
[SourceQuality "1"]

1. e4 c5 2. Nf3 Nc6 3. d4 cxd4 4. Nxd4 g6 5. c4 Bg7 6. Be3 Nf6 7. Nc3 d6 8. f3 0-0 9. Qd2 Bd7 10. Be2 Nxd4 11. Bxd4 Bc6 12. 0-0-0 a6 13. Kb1 b5 14. g4 bxc4 15. h4 Qa5 16. g5 Nh5 17. Nd5 Qd8 18. Bxg7 Nxg7 19. Bxc4 Bxd5 20. Bxd5 Rb8 21. Rc1 Rc8 22. Rxc8 Qxc8 23. Qa5 Nh5 24. Qb6 Ng3 25. Rc1 Qh3 26. Qxa6 Qxh4 27. Qb5 Kg7 28. Bc4 Qh5 29. Rc3 e5 30. a4 Qxg5 31. a5 h5 32. a6 h4 33. Qd7 Qh6 34. Be6 Ne2 35. Rc7 Qd2 36. Bxf7 Qe1+ 37. Ka2 Qa5+ 38. Kb1 Qe1+ 39. Ka2 Qa5+ 40. Kb1 1/2-1/2

[Event "CZE-ch"]
[Site "Usti nad Labem"]
[Date "2022.05.15"]
[Round "2"]
[White "Bouska, Jiri"]
[Black "Rubes, Jan"]
[Result "0-1"]
[WhiteElo "2117"]
[BlackElo "2386"]
[PlyCount "74"]
[EventDate "2022.05.14"]
[EventType "swiss"]
[EventRounds "9"]
[EventCountry "CZE"]
[SourceTitle "CBM 208 Extra"]
[Source "ChessBase"]
[SourceDate "2022.07.31"]
[SourceVersion "1"]
[SourceVersionDate "2022.07.31"]
[SourceQuality "1"]

1. e4 c5 2. Nf3 d6 3. d4 cxd4 4. Nxd4 Nf6 5. Nc3 g6 6. Be2 Bg7 7. Bg5 0-0 8. 0-0 Nc6 9. Nb3 a6 10. f4 Re8 11. Bf3 Be6 12. Nd5 Bxd5 13. exd5 Na5 14. Nxa5 Qxa5 15. Kh1 Qb4 16. Qc1 Rac8 17. c3 Qc4 18. Qd2 Rc5 19. Rfd1 Ne4 20. Bxe4 Qxe4 21. Qd3 Qxd3 22. Rxd3 Rc4 23. Rf1 b5 24. f5 Be5 25. fxg6 hxg6 26. Rdf3 f6 27. Bf4 Re4 28. g3 Rc8 29. Re3 Rcc4 30. Rfe1 Rxe3 31. Rxe3 Bxf4 32. gxf4 Kf7 33. Rh3 Rxf4 34. Rh7+ Ke8 35. Rh8+ Kd7 36. Kg1 Rf5 37. Rg8 g5 0-1

[Event "Bassano del Grappa Easter op-A 2nd"]
[Site "Bassano del Grappa"]
[Date "2022.04.18"]
[Round "8"]
[White "Ciolek, Andreas"]
[Black "Bouska, Jiri"]
[Result "1-0"]
[WhiteElo "2239"]
[BlackElo "2070"]
[PlyCount "65"]
[EventDate "2022.04.14"]
[EventType "swiss"]
[EventRounds "9"]
[EventCountry "ITA"]
[SourceTitle "EXT 2024"]
[Source "ChessBase"]
[SourceDate "2023.10.10"]
[SourceVersion "1"]
[SourceVersionDate "2023.10.10"]
[SourceQuality "1"]

1. d4 Nf6 2. Nf3 g6 3. g3 Bg7 4. Bg2 c5 5. dxc5 Qa5+ 6. Nfd2 Qxc5 7. 0-0 0-0 8. Nb3 Qh5 9. e4 Qxd1 10. Rxd1 d6 11. Na3 Nc6 12. c3 Be6 13. Nd4 Bd7 14. h3 Rac8 15. Be3 a6 16. Rac1 b5 17. f4 Ne8 18. Kf2 Nc7 19. e5 Nxd4 20. cxd4 d5 21. Bd2 e6 22. Nc2 Na8 23. Ba5 f6 24. Ke2 fxe5 25. fxe5 b4 26. Nxb4 Bb5+ 27. Nd3 Rc4 28. Rxc4 dxc4 29. Nf4 c3+ 30. Ke3 cxb2 31. Rb1 Bc4 32. Rxb2 g5 33. Nh5 1-0